000 00639nam a2200241 i 4500
001 C2-0304771
003 PPAK
005 20180728085932.0
008 100617s2009 my |||| ||||| | may d
020 _a9789834602819
040 _aPPAK
_beng
_cPPAK
_erda
082 0 4 _a899.233
_223
090 0 0 _a899.233
_bRAI
_dG
100 0 _aRaihani Saaid,
_eauthor
245 1 0 _aDari QM ke DM
264 1 _aKuala Lumpur :
_bDewan Bahasa dan Pustaka ,
_c2009
300 _av, 284 pages ;
_c18 cm
336 _2rdacontent
_atext
337 _2rdamedia
_aunmediated
338 _2rdacarrier
_avolume
650 1 0 _aMalay fiction
942 _ddc
_cB
999 _c107888
_d107888